|
|
|
|
| LEADER |
01172pam a22003618a 4500 |
| 001 |
00034406 |
| 005 |
20171026081025.0 |
| 008 |
160822s2016 ||||||viesd |
| 020 |
# |
# |
|c 10500
|a 9786040033703
|
| 041 |
0 |
# |
|a vie
|
| 082 |
1 |
4 |
|a 372.6
|b T306V
|
| 100 |
1 |
# |
|a Hồ, Ngọc Đại
|
| 245 |
1 |
0 |
|a Tiếng Việt
|c Hồ Ngọc Đại
|b Công nghệ giáo dục
|n Lớp 1. Tập 3
|n Tự học
|
| 250 |
# |
# |
|a Tái bản lần thứ 7
|
| 260 |
# |
# |
|a Hà Nội
|b Giáo dục
|c 2016
|
| 300 |
# |
# |
|a 90 tr.
|c 24 cm.
|
| 500 |
# |
# |
|a ĐTTS ghi: Bộ Giáo dục và Đào tạo
|
| 653 |
# |
# |
|a Giáo dục
|
| 653 |
# |
# |
|a Tự học
|
| 653 |
# |
# |
|a Tiểu học
|
| 653 |
# |
# |
|a Tiếng Việt
|
| 653 |
# |
# |
|a Lớp 1
|
| 852 |
# |
# |
|j KGT.0050674
|j KGT.0050675
|j KD.0017832
|j KGT.0050673
|j KGT.0050676
|
| 852 |
# |
# |
|b Kho đọc
|j KD.0017832
|
| 852 |
# |
# |
|b Kho mượn
|j KGT.0050673
|
| 852 |
# |
# |
|b Kho giáo trình
|j KGT.0050673, KGT.0050674, KGT.0050675, KGT.0050676
|
| 910 |
|
|
|d 22/08/2016
|
| 980 |
# |
# |
|a Trung tâm Học liệu Lê Vũ Hùng, Trường Đại học Đồng Tháp
|